[Event "GMA"]
[Site "Gausdal NOR"]
[Date "2005.04.13"]
[Round "1"]
[White "Pedersen,Ch"]
[Black "Williams,Si"]
[Result "1/2-1/2"]
[WhiteElo "2396"]
[BlackElo "2466"]
[EventDate "2005.04.13"]

1. e4 e6 2. d4 d5 3. e5 c5 4. c3 Nc6 5. Nf3 Bd7 6. Be2 Nge7 7. Na3 cxd4 8.
cxd4 Ng6 9. h4 Bb4+ 10. Kf1 h6 11. h5 1/2-1/2

[Event "GMA"]
[Site "Gausdal NOR"]
[Date "2005.04.13"]
[Round "1"]
[White "Lie,K"]
[Black "Korneev,O"]
[Result "0-1"]
[WhiteElo "2495"]
[BlackElo "2611"]
[EventDate "2005.04.13"]

1. e4 c5 2. Nf3 e6 3. d4 cxd4 4. Nxd4 a6 5. Nc3 Qc7 6. g3 Nc6 7. Bg2 Nf6 8.
O-O Bc5 9. Nb3 Ba7 10. Kh1 d6 11. a4 h5 12. Nb5 axb5 13. axb5 Ne5 14. b6
Qxb6 15. Be3 Qc7 16. Bxa7 h4 17. Kg1 h3 18. Bh1 Nc4 19. Nd4 Bd7 20. Qe2 O-O
21. Nf3 b6 22. e5 dxe5 23. Ng5 Rac8 24. Nxh3 Nxb2 25. Ng5 Na4 26. Qa6 Qc4
27. Qxc4 Rxc4 28. Rfd1 Rc7 29. Rxd7 Rxd7 30. Rxa4 Rd1+ 31. Kg2 Ra8 32. Rc4
Nd5 33. Rc6 f6 34. Nxe6 Rxa7 35. Rc8+ Kf7 36. Nd8+ Kg6 37. Nc6 Raa1 38. Rd8
Nc3 39. Ne7+ Kf7 40. Rxd1 Nxd1 41. Nd5 Nxf2 0-1

[Event "GMA"]
[Site "Gausdal NOR"]
[Date "2005.04.13"]
[Round "1"]
[White "Nordahl,H"]
[Black "Vidoniak,R"]
[Result "1/2-1/2"]
[WhiteElo "2402"]
[BlackElo "2417"]
[EventDate "2005.04.13"]

1. d4 Nf6 2. c4 c5 3. d5 e6 4. Nc3 exd5 5. cxd5 d6 6. e4 g6 7. f4 Bg7 8.
Nf3 O-O 9. Be2 Bg4 10. O-O Nbd7 11. h3 Bxf3 12. Bxf3 Re8 13. g4 h6 14. h4
h5 15. g5 Ng4 16. Bxg4 hxg4 17. Re1 c4 18. Be3 Bxc3 19. bxc3 Rxe4 20. Qxg4
Qe7 21. Bf2 Nc5 22. Qg2 Re8 23. Rxe4 Qxe4 24. Re1 Qxg2+ 25. Kxg2 Rxe1 26.
Bxe1 f5 27. Kf3 Ne4 28. Ke3 b5 29. Kd4 Kf7 30. Ke3 Ke7 31. Ke2 a6 32. Ke3
1/2-1/2

[Event "GMA"]
[Site "Gausdal NOR"]
[Date "2005.04.13"]
[Round "1"]
[White "Bogner,S"]
[Black "Kulaots,K"]
[Result "0-1"]
[WhiteElo "2409"]
[BlackElo "2572"]
[EventDate "2005.04.13"]

1. e4 c5 2. Nf3 d6 3. d4 cxd4 4. Nxd4 Nf6 5. Nc3 a6 6. Bc4 e6 7. Bb3 b5 8.
Qf3 Qb6 9. Be3 Qb7 10. O-O-O Nbd7 11. Rhe1 Be7 12. Qg3 Nc5 13. f3 Bd7 14.
Bg5 b4 15. Nd5 Nxb3+ 16. axb3 exd5 17. exd5 Qxd5 18. Qf4 Kf8 19. Ne6+ Qxe6
20. Rxe6 fxe6 21. Bxf6 gxf6 22. Qh6+ Kf7 23. Qh5+ Kg7 24. f4 e5 25. Rd3
Rhg8 26. f5 Kh8 27. g4 Rg7 28. h4 Rag8 29. Rg3 Be8 30. Qh6 Rxg4 31. Rxg4
Rxg4 32. c4 Rf4 0-1

[Event "GMA"]
[Site "Gausdal NOR"]
[Date "2005.04.14"]
[Round "2"]
[White "Williams,Si"]
[Black "Lie,K"]
[Result "0-1"]
[WhiteElo "2466"]
[BlackElo "2495"]
[EventDate "2005.04.13"]

1. d4 Nf6 2. c4 c5 3. d5 e6 4. Nc3 exd5 5. cxd5 d6 6. e4 g6 7. Nf3 a6 8. a4
Bg4 9. Be2 Bxf3 10. Bxf3 Bg7 11. Bf4 O-O 12. O-O Qe7 13. Re1 Nbd7 14. a5
Rab8 15. Qd2 b5 16. axb6 Rxb6 17. Be2 Rfb8 18. Ra2 Nxe4 19. Nxe4 Qxe4 20.
b3 Re8 21. Rd1 Rxb3 22. Bxd6 Rb1 23. h3 c4 24. Rxb1 Qxb1+ 25. Kh2 c3 26.
Qc2 Qxc2 27. Rxc2 Nb6 28. Bf3 Nxd5 29. Ra2 Rd8 30. Ba3 Bh6 31. Rc2 Bd2 32.
Bxd5 Rxd5 33. Bb4 Bf4+ 34. g3 Be5 35. f4 Bf6 36. Re2 h6 37. Re8+ Kh7 38.
Rf8 Rd7 39. Rc8 Rd2+ 40. Kg1 Bd4+ 41. Kf1 Rb2 42. Ba5 Ra2 43. Ke1 0-1

[Event "GMA"]
[Site "Gausdal NOR"]
[Date "2005.04.14"]
[Round "2"]
[White "Bogner,S"]
[Black "Nordahl,H"]
[Result "0-1"]
[WhiteElo "2409"]
[BlackElo "2402"]
[EventDate "2005.04.13"]

1. e4 c5 2. Nf3 d6 3. d4 cxd4 4. Nxd4 Nf6 5. Nc3 a6 6. Bc4 e6 7. Bb3 b5 8.
Qf3 Bb7 9. Bg5 h6 10. Bh4 Nbd7 11. O-O-O Nc5 12. Rhe1 Be7 13. Qh3 Nfxe4 14.
Nxe4 Bxe4 15. Bxe7 Qxe7 16. f3 Nxb3+ 17. axb3 Bd5 18. Nf5 Qg5+ 19. Kb1 O-O
20. Nxd6 Rfd8 21. Ne4 Bxe4 22. fxe4 Qf4 23. Rxd8+ Rxd8 24. Qg3 Qxg3 25.
hxg3 Rd2 26. c4 Kf8 27. Kc1 Rd3 28. c5 Ke7 29. b4 Rxg3 30. Rd1 Rb3 31. Rd4
e5 32. Kc2 Rxb2+ 33. Kxb2 exd4 34. Kc2 Ke6 35. Kd2 h5 36. g3 g5 37. Ke2 h4
38. gxh4 gxh4 0-1

[Event "GMA"]
[Site "Gausdal NOR"]
[Date "2005.04.14"]
[Round "2"]
[White "Vidoniak,R"]
[Black "Pedersen,Ch"]
[Result "1/2-1/2"]
[WhiteElo "2417"]
[BlackElo "2396"]
[EventDate "2005.04.13"]

1. d4 Nf6 2. c4 g6 3. Nc3 Bg7 4. e4 d6 5. Be2 O-O 6. Bg5 c5 7. d5 e6 8. Qd2
exd5 9. exd5 Re8 10. Nf3 Bg4 11. O-O Nbd7 12. h3 Bxf3 13. Bxf3 a6 14. a4
Qa5 15. Qc2 h6 16. Bd2 Qc7 17. Rae1 Ne5 18. Be2 Re7 19. Qc1 Kh7 20. f4 Ned7
21. Bd3 Rae8 22. Rxe7 1/2-1/2

[Event "GMA"]
[Site "Gausdal NOR"]
[Date "2005.04.15"]
[Round "3"]
[White "Nordahl,H"]
[Black "Kulaots,K"]
[Result "1/2-1/2"]
[WhiteElo "2402"]
[BlackElo "2572"]
[EventDate "2005.04.13"]

1. d4 Nf6 2. c4 e6 3. Nf3 b6 4. a3 Bb7 5. Nc3 d5 6. Bg5 Be7 7. Qa4+ c6 8.
cxd5 exd5 9. e3 Nbd7 10. Be2 O-O 11. O-O Ne4 12. Bf4 a6 13. Ne5 Nxe5 14.
Bxe5 Nd6 15. Rfd1 f6 16. Bf4 f5 17. Qb3 Kh8 18. Na4 Nb5 19. Rac1 Rc8 20.
Bd3 g6 21. Kh1 Bf6 22. h3 Bg7 23. Qc2 1/2-1/2

[Event "GMA"]
[Site "Gausdal NOR"]
[Date "2005.04.15"]
[Round "3"]
[White "Lie,K"]
[Black "Vidoniak,R"]
[Result "1-0"]
[WhiteElo "2495"]
[BlackElo "2417"]
[EventDate "2005.04.13"]

1. c4 Nf6 2. g3 c6 3. Bg2 d5 4. Nf3 dxc4 5. Qc2 Qd5 6. Nc3 Qf5 7. e4 Qh5 8.
Ne2 Bh3 9. Nf4 Bxg2 10. Nxh5 Nxh5 11. Ne5 Bxh1 12. Qxc4 e6 13. Qe2 Nf6 14.
f3 Nbd7 15. Nxd7 Nxd7 16. d4 e5 17. Be3 Bb4+ 18. Kf2 Bxf3 19. Qxf3 exd4 20.
Bxd4 Bc5 21. Qc3 Bxd4+ 22. Qxd4 Nf6 23. Qe5+ Kf8 24. Kg1 Re8 25. Qc5+ Kg8
26. Qxa7 h5 27. Qxb7 h4 28. Qxc6 hxg3 29. hxg3 Re6 30. Qc8+ Kh7 31. Qc2
Nxe4 32. Rf1 Rhe8 33. Rxf7 Kg8 34. Qc7 Nf6 35. Rxg7+ Kh8 36. Rg5 Re1+ 37.
Kg2 R8e2+ 38. Kf3 Re3+ 39. Kf4 Re7 40. Qc8+ Re8 41. Qh3+ Nh7 42. Rf5 R1e2
43. Kf3 Kg7 44. Qg4+ 1-0

[Event "GMA"]
[Site "Gausdal NOR"]
[Date "2005.04.15"]
[Round "3"]
[White "Tiviakov,S"]
[Black "Williams,Si"]
[Result "1-0"]
[WhiteElo "2631"]
[BlackElo "2466"]
[EventDate "2005.04.13"]

1. e4 e6 2. d4 d5 3. Nd2 Nf6 4. e5 Nfd7 5. c3 c5 6. Bd3 Nc6 7. Ne2 cxd4 8.
cxd4 f6 9. exf6 Nxf6 10. O-O Bd6 11. Nf3 Qc7 12. Bg5 O-O 13. Rc1 h6 14. Bh4
Nh5 15. Bg3 Nxg3 16. Nxg3 Qf7 17. Qe2 Qf4 18. Bb1 g5 19. Qd3 Qf7 20. Rce1
b6 21. Ne5 Bxe5 22. dxe5 a5 23. Nh5 Ba6 24. Nf6+ Kh8 25. Qh3 Qg7 26. Qxe6
Nd4 27. Qxb6 Ne2+ 28. Rxe2 Bxe2 29. Re1 Rab8 30. Qd4 Rb4 31. Qd2 Ba6 32.
Nxd5 Rd8 33. e6 Rxb2 34. Qxa5 Rdb8 35. e7 Bb5 36. Qxb5 R2xb5 37. e8=Q+ Rxe8
38. Rxe8+ Qg8 39. Rxg8+ Kxg8 40. Bc2 1-0

[Event "GMA"]
[Site "Gausdal NOR"]
[Date "2005.04.15"]
[Round "3"]
[White "Pedersen,Ch"]
[Black "Bogner,S"]
[Result "1-0"]
[WhiteElo "2396"]
[BlackElo "2409"]
[EventDate "2005.04.13"]

1. e4 c5 2. Nf3 d6 3. d4 cxd4 4. Nxd4 Nf6 5. Nc3 a6 6. Be3 e5 7. Nb3 Be6 8.
f3 Nbd7 9. g4 Nb6 10. g5 Nh5 11. Qd2 Be7 12. O-O-O O-O 13. Rg1 Qc7 14. Kb1
Rac8 15. Qf2 Bd8 16. h4 g6 17. Rg2 Nd7 18. Qd2 Be7 19. Nd5 Bxd5 20. Qxd5 b5
21. Qd2 Nb6 22. Qa5 Na4 23. Rgd2 Qb7 24. c4 Ng3 25. cxb5 Nxf1 26. Rxf1 axb5
27. Rd5 Nc5 28. Qb4 Nxb3 29. Qxb3 Rb8 30. Bd2 Rfc8 31. Bb4 Qc6 32. a3 Qc4
33. Qxc4 bxc4 34. Kc2 Rb6 35. Rfd1 Rcc6 36. Kc3 h6 37. gxh6 Kh7 38. a4 Kxh6
39. a5 Ra6 40. f4 Bf6 41. Bxd6 exf4+ 42. Kc2 f3 43. Bf4+ Kg7 44. Rf1 Re6
45. e5 Bxh4 46. Rxf3 f6 47. Rh3 fxe5 48. Bxe5+ Bf6 49. Bxf6+ Rxf6 50. Kc3
Rf5 51. Rxf5 gxf5 52. Kb4 Ra8 53. Ra3 Rb8+ 54. Kc3 f4 55. a6 f3 56. a7 Ra8
57. Kxc4 f2 58. Rf3 Rxa7 59. Rxf2 Rc7+ 60. Kd5 Rb7 61. Kc5 Rb3 62. Kc4 Rb8
63. b4 Rc8+ 64. Kd5 Rb8 65. Kc5 Rc8+ 66. Kd6 Rb8 67. Rb2 Kf7 68. b5 Ke8 69.
Kc7 Ra8 70. Re2+ Kf7 71. b6 Ra1 72. Rc2 Re1 73. b7 Re7+ 74. Kb6 Re6+ 75.
Rc6 Re8 76. Rc8 Re6+ 77. Kc5 Re5+ 78. Kd4 Rb5 79. b8=Q 1-0

[Event "GMA"]
[Site "Gausdal NOR"]
[Date "2005.04.16"]
[Round "4"]
[White "Kulaots,K"]
[Black "Korneev,O"]
[Result "1/2-1/2"]
[WhiteElo "2572"]
[BlackElo "2611"]
[EventDate "2005.04.13"]

1. e4 c5 2. Nf3 e6 3. d4 cxd4 4. Nxd4 a6 5. Bd3 Bc5 6. Nb3 Ba7 7. O-O Ne7
8. Bf4 d5 9. Nc3 d4 10. Ne2 Nbc6 11. Bg3 h5 12. h3 1/2-1/2

[Event "GMA"]
[Site "Gausdal NOR"]
[Date "2005.04.16"]
[Round "4"]
[White "Vidoniak,R"]
[Black "Tiviakov,S"]
[Result "0-1"]
[WhiteElo "2417"]
[BlackElo "2631"]
[EventDate "2005.04.13"]

1. b4 e5 2. Bb2 Bxb4 3. Bxe5 Nf6 4. Nf3 O-O 5. e3 Re8 6. Be2 d5 7. O-O Nbd7
8. Bb2 Nb6 9. d3 Bd7 10. Qc1 Na4 11. Ba3 Ba5 12. Nd4 Bb6 13. Bf3 c5 14. Ne2
Bc7 15. Nbc3 Ng4 16. Bxg4 Nxc3 17. Bf3 Nxe2+ 18. Bxe2 Rc8 19. Bf3 Be6 20.
g3 b6 21. c3 Qd7 22. Qd1 Bf5 23. Re1 Rcd8 24. d4 c4 25. Bg2 Bd3 26. Bc1 b5
27. a4 bxa4 28. Rxa4 a5 29. Ba3 Rb8 30. Bc5 Rb1 0-1

[Event "GMA"]
[Site "Gausdal NOR"]
[Date "2005.04.16"]
[Round "4"]
[White "Bogner,S"]
[Black "Lie,K"]
[Result "0-1"]
[WhiteElo "2409"]
[BlackElo "2495"]
[EventDate "2005.04.13"]

1. e4 c5 2. Nf3 g6 3. c4 Bg7 4. d4 cxd4 5. Nxd4 Nc6 6. Be3 Nf6 7. Nc3 O-O
8. Be2 d6 9. Qd2 Nxd4 10. Bxd4 Bd7 11. f3 Bc6 12. b3 a5 13. O-O Nd7 14. Be3
Nc5 15. Rab1 Qb6 16. Rfc1 Rfc8 17. Bf1 Qd8 18. Re1 h5 19. Bg5 Ne6 20. Be3
Nc5 21. Bg5 Qf8 22. Nd5 Bxd5 23. exd5 Bf6 24. Bxf6 exf6 25. Re3 Re8 26.
Rbe1 Rxe3 27. Qxe3 Qd8 28. a3 Qb6 29. Rb1 Kg7 30. Rb2 Re8 31. Qf2 Qc7 32.
b4 axb4 33. axb4 Nd7 34. Qd4 Re1 35. Rc2 b6 36. Re2 Rb1 37. Rb2 Rc1 38. f4
Qa7 39. Re2 Rxc4 40. Ra2 Rxd4 41. Rxa7 Nf8 42. b5 Rxd5 43. Rb7 Ne6 44. g3
Rd2 45. Rxb6 Nd4 46. Bg2 h4 47. Kf1 Nf5 48. Be4 Ne3+ 49. Kg1 h3 50. Rb8 Ng4
51. Kf1 Rxh2 52. b6 Rb2 53. b7 d5 54. Bh1 h2 55. f5 gxf5 56. Bf3 Rf2+ 57.
Ke1 Rxf3 58. Rh8 Kxh8 59. b8=Q+ Kg7 0-1

[Event "GMA"]
[Site "Gausdal NOR"]
[Date "2005.04.16"]
[Round "4"]
[White "Nordahl,H"]
[Black "Pedersen,Ch"]
[Result "1/2-1/2"]
[WhiteElo "2402"]
[BlackElo "2396"]
[EventDate "2005.04.13"]

1. d4 Nf6 2. c4 e6 3. Nc3 Bb4 4. f3 d5 5. a3 Bxc3+ 6. bxc3 c5 7. cxd5 Nxd5
8. Qd3 O-O 9. e4 Ne7 10. Be3 cxd4 11. cxd4 b6 12. Qd2 Qd7 13. Bd3 Ba6 14.
Ne2 Bxd3 15. Qxd3 Nbc6 16. O-O Rac8 17. Qb5 Rfd8 18. Rac1 Qb7 19. Rfd1 a6
20. Qg5 Ng6 21. d5 exd5 22. exd5 Nce5 23. Rxc8 Rxc8 24. d6 f6 25. Qf5 Qd7
26. Ng3 Rc6 27. f4 Qxf5 28. Nxf5 Nd7 29. Ne7+ Nxe7 30. dxe7 Re6 31. Rxd7
Rxe3 32. Rd6 b5 33. Rxa6 Rxe7 34. Kf2 Rb7 1/2-1/2

[Event "GMA"]
[Site "Gausdal NOR"]
[Date "2005.04.17"]
[Round "5"]
[White "Korneev,O"]
[Black "Williams,Si"]
[Result "1-0"]
[WhiteElo "2611"]
[BlackElo "2466"]
[EventDate "2005.04.13"]

1. e4 c5 2. Nf3 d6 3. d4 cxd4 4. Nxd4 Nf6 5. Nc3 g6 6. Be3 Bg7 7. f3 a6 8.
Qd2 Nbd7 9. Bc4 b5 10. Bb3 Bb7 11. O-O-O Rc8 12. Kb1 Ne5 13. Bh6 Bxh6 14.
Qxh6 Rxc3 15. bxc3 Qc7 16. Kb2 Qc5 17. Rhe1 Nfd7 18. Qg7 Rf8 19. f4 Nc4+
20. Bxc4 Qxc4 21. e5 dxe5 22. Nb3 Bd5 23. g4 e6 24. f5 gxf5 25. gxf5 f6 26.
fxe6 Nb6 27. Rf1 f5 28. Qxe5 Na4+ 29. Kc1 Nxc3 30. Rd3 b4 31. Rfd1 Bxe6 32.
Rd8+ Ke7 33. R1d7+ 1-0

[Event "GMA"]
[Site "Gausdal NOR"]
[Date "2005.04.17"]
[Round "5"]
[White "Lie,K"]
[Black "Nordahl,H"]
[Result "1/2-1/2"]
[WhiteElo "2495"]
[BlackElo "2402"]
[EventDate "2005.04.13"]

1. e4 c5 2. Nf3 d6 3. d4 Nf6 4. Nc3 cxd4 5. Nxd4 a6 6. Bg5 e6 7. f4 Be7 8.
Qf3 Qc7 9. O-O-O Nbd7 10. Bd3 h6 11. Bh4 g5 12. e5 gxh4 13. exf6 Nxf6 14.
f5 e5 15. Nb3 Bd7 16. Be4 Bc6 17. Nd5 Bxd5 18. Bxd5 Nxd5 19. Rxd5 Rc8 20.
c3 Qc4 21. f6 Bf8 22. Re1 Rg8 23. Nd2 Qg4 24. Qd3 Qf4 25. Rxd6 Rxg2 26. Qh3
Rc7 27. Rd5 Rg5 28. Qf3 Qxf3 29. Nxf3 Rd7 30. Rxd7 Kxd7 31. Nxg5 hxg5 32.
Rxe5 Bd6 33. Re2 h3 34. Kd1 g4 35. Ke1 g3 36. hxg3 h2 37. Rxh2 Bxg3+ 38.
Rf2 Ke6 39. c4 Bxf2+ 40. Kxf2 Kxf6 41. b4 Ke5 42. Ke3 f6 43. a4 b6 44. a5
bxa5 45. bxa5 Kd6 46. Kd4 Kc6 47. c5 f5 48. Ke5 Kxc5 49. Kxf5 Kb4 50. Ke4
1/2-1/2

[Event "GMA"]
[Site "Gausdal NOR"]
[Date "2005.04.17"]
[Round "5"]
[White "Pedersen,Ch"]
[Black "Kulaots,K"]
[Result "0-1"]
[WhiteElo "2396"]
[BlackElo "2572"]
[EventDate "2005.04.13"]

1. e4 c5 2. Nf3 d6 3. d4 cxd4 4. Nxd4 Nf6 5. Nc3 a6 6. Be3 e5 7. Nb3 Be6 8.
f3 Be7 9. Qd2 O-O 10. O-O-O Qc7 11. g4 Rc8 12. g5 Nh5 13. Rg1 Nd7 14. Kb1
b5 15. Nd5 Bxd5 16. exd5 Nb6 17. Na5 Bf8 18. Bh3 Re8 19. Bxb6 Qxb6 20. Nc6
Qb7 21. Bf5 g6 22. Be4 Be7 23. Qb4 Nf4 24. Nxe5 Nh3 25. Rgf1 Nxg5 26. Nc6
Nxe4 27. Qxe4 Bf8 28. Qd3 Qd7 29. f4 Qg4 30. f5 Re4 31. fxg6 hxg6 32. h3
Qe2 33. Qg3 Rae8 34. c3 Qh5 35. Qf2 f5 36. Nd4 Qxh3 37. Rh1 Qe3 38. Qh2 Kf7
39. Qh7+ Bg7 40. Rdg1 Qd3+ 41. Ka1 Rg4 42. Rxg4 fxg4 43. Ne6 Rg8 44. Ng5+
Kf8 45. Re1 Qf5 46. Qh4 Rh8 47. Ne6+ Kf7 48. Nd8+ Kg8 49. Qe7 Rh2 50. Ne6
Be5 51. Qd8+ Kh7 52. Qe7+ Kh6 53. Nf8 g3 54. Qh7+ Kg5 55. Ne6+ Qxe6 56.
Qxh2 gxh2 57. dxe6 Kf6 0-1

[Event "GMA"]
[Site "Gausdal NOR"]
[Date "2005.04.17"]
[Round "5"]
[White "Tiviakov,S"]
[Black "Bogner,S"]
[Result "1-0"]
[WhiteElo "2631"]
[BlackElo "2409"]
[EventDate "2005.04.13"]

1. e4 c5 2. Nc3 Nc6 3. Bb5 Nd4 4. Bc4 e6 5. Nge2 Nf6 6. O-O a6 7. a4 d5 8.
exd5 exd5 9. Ba2 Bg4 10. d3 Bd6 11. f3 Be6 12. Nxd4 cxd4 13. Ne2 Qb6 14.
Bd2 Rc8 15. Bb3 O-O 16. Be1 Qc7 17. Bg3 Bxg3 18. hxg3 Rfe8 19. Qe1 Bd7 20.
Qf2 Nh5 21. Rfe1 Bc6 22. g4 Nf4 23. Nxd4 h5 24. gxh5 Re5 25. Rxe5 Qxe5 26.
Re1 Qg5 27. Kf1 Nxh5 28. g4 Nf4 29. Nf5 Rc7 30. Qb6 Rc8 31. Qd4 Ne6 32. Qe5
g6 33. f4 Qd8 34. Nh6+ Kh7 35. Nxf7 Qh4 36. Qxe6 Qh3+ 37. Ke2 Qh2+ 38. Kd1
Re8 39. Ng5+ Kh6 40. Qf6 Rxe1+ 41. Kxe1 Qg1+ 42. Kd2 Qf2+ 43. Kc3 Qe1+ 44.
Kd4 Qf2+ 45. Ke5 Qe3+ 46. Kd6 Qe8 47. Nf7+ Kh7 48. Qh8+ Qxh8 49. Nxh8 Kxh8
50. f5 1-0

[Event "GMA"]
[Site "Gausdal NOR"]
[Date "2005.04.18"]
[Round "6"]
[White "Pedersen,Ch"]
[Black "Lie,K"]
[Result "0-1"]
[WhiteElo "2396"]
[BlackElo "2495"]
[EventDate "2005.04.13"]

1. e4 c5 2. Nf3 g6 3. c4 Bg7 4. d4 cxd4 5. Nxd4 Nc6 6. Nc2 Nf6 7. Nc3 O-O
8. Be2 d6 9. O-O Bd7 10. Be3 Re8 11. Rc1 Rc8 12. h3 a6 13. Na3 Qa5 14. c5
Be6 15. cxd6 exd6 16. Qxd6 Red8 17. Qf4 b5 18. Ncb1 Nd7 19. Bd2 Qb6 20. Be3
Qb7 21. b3 Nb4 22. Nd2 Nxa2 23. Rxc8 Qxc8 24. Nab1 Ne5 25. Qg3 Nc6 26. f4
Nd4 27. Bd1 Nc3 28. Nxc3 Qxc3 29. Qf2 Nxb3 30. Nxb3 Bxb3 31. Bxb3 Qxb3 32.
e5 b4 33. Kh2 Rd1 34. Qf3 Rd8 35. Ra1 Qd3 36. Bb6 Qxf3 37. gxf3 Rb8 38. Bc7
Rb7 39. Bd6 Bf8 40. Rxa6 Bxd6 41. exd6 b3 42. d7 Rxd7 43. Rb6 Rd3 44. Kg3
Kf8 45. Rb7 Ke8 46. f5 gxf5 47. h4 h6 48. h5 Rc3 49. Kf4 Kd8 50. Kxf5 Kc8
51. Rb4 Rxf3+ 52. Kg4 Rc3 53. Kf5 Kc7 54. Kf6 Rc6+ 55. Kxf7 Rb6 56. Rc4+
Kd6 57. Rc1 b2 58. Rb1 Ke5 59. Kg7 Kd4 60. Rd1+ Kc3 61. Rg1 Kc2 62. Rg2+
Kb3 63. Rg1 Ka2 64. Rg2 Ka1 65. Rg6 b1=Q 66. Kxh6 Qc1+ 67. Kh7 Rb7+ 68. Kh8
Qc3+ 0-1

[Event "GMA"]
[Site "Gausdal NOR"]
[Date "2005.04.18"]
[Round "6"]
[White "Vidoniak,R"]
[Black "Korneev,O"]
[Result "0-1"]
[WhiteElo "2417"]
[BlackElo "2611"]
[EventDate "2005.04.13"]

1. e4 c5 2. c3 Nf6 3. e5 Nd5 4. Nf3 e6 5. d4 cxd4 6. cxd4 d6 7. Nc3 Nxc3 8.
bxc3 Qc7 9. Bd2 Nd7 10. exd6 Bxd6 11. Bd3 b6 12. Ng5 Bb7 13. Qh5 Nf6 14.
Bb5+ Kf8 15. Qh3 Bf4 16. Rd1 Rc8 17. c4 h6 18. Qa3+ Bd6 19. Qh3 a6 20. c5
bxc5 21. dxc5 Bxc5 22. Be2 Ke7 23. Nf3 g5 24. O-O g4 25. Qh4 gxf3 26. Bc3
Bxf2+ 27. Rxf2 Qxc3 28. Bxf3 Rc4 29. Qh3 Rg8 30. Kh1 Rf4 31. Qg3 Rh8 32.
Kg1 Bd5 0-1

[Event "GMA"]
[Site "Gausdal NOR"]
[Date "2005.04.18"]
[Round "6"]
[White "Kulaots,K"]
[Black "Williams,Si"]
[Result "1-0"]
[WhiteElo "2572"]
[BlackElo "2466"]
[EventDate "2005.04.13"]

1. e4 e6 2. d4 d5 3. Nc3 Bb4 4. e5 c5 5. a3 Bxc3+ 6. bxc3 Ne7 7. Qg4 Qc7 8.
Qxg7 Rg8 9. Qxh7 cxd4 10. Ne2 Nbc6 11. f4 dxc3 12. Qd3 Nf5 13. Qxc3 b6 14.
Ng3 d4 15. Qc4 Nxg3 16. hxg3 Bb7 17. a4 O-O-O 18. Kf2 Rd5 19. Ba3 a6 20.
Bd6 Rxd6 21. exd6 Qxd6 22. Rh7 b5 23. axb5 axb5 24. Qxb5 d3 25. c3 d2 26.
Be2 Qc7 27. Rah1 Na7 28. Qd3 Qc6 29. Qc4 Nb5 30. Qxc6+ Bxc6 31. Rh8 Rxh8
32. Rxh8+ Kd7 33. Ke3 Nxc3 34. Kxd2 Ne4+ 35. Ke3 Nxg3 36. Bd3 Ke7 37. Rg8
Nh5 38. Rg5 Nf6 39. g3 Nd7 40. Ra5 Kf6 41. Kd4 Bf3 42. Rg5 e5+ 43. Ke3 Bd5
44. Rf5+ Ke6 45. Rh5 exf4+ 46. Kxf4 Kd6 47. g4 Nc5 48. Bf5 Ke7 49. g5 Bb3
50. Ke5 Be6 51. Bxe6 Nxe6 52. g6 f6+ 53. Ke4 Kf8 54. Rh4 Ng7 55. Rh8+ Ke7
56. Kf4 Ne6+ 57. Kf5 Ng7+ 58. Kg4 Ne6 59. Kh5 f5 1-0

[Event "GMA"]
[Site "Gausdal NOR"]
[Date "2005.04.18"]
[Round "6"]
[White "Nordahl,H"]
[Black "Tiviakov,S"]
[Result "0-1"]
[WhiteElo "2402"]
[BlackElo "2631"]
[EventDate "2005.04.13"]

1. d4 Nf6 2. c4 e6 3. Nc3 Bb4 4. f3 d5 5. a3 Bxc3+ 6. bxc3 c6 7. e3 O-O 8.
Bd3 b6 9. cxd5 cxd5 10. Nh3 Ba6 11. O-O Qc8 12. Bb2 Nc6 13. a4 Na5 14. Ba3
Bxd3 15. Qxd3 Re8 16. Bb4 Nc4 17. e4 a5 18. e5 Nd7 19. Ba3 Nxa3 20. Rxa3
Nxe5 21. Qb5 Nc4 22. Ra2 Qc7 23. Re2 Rec8 24. Rc1 Qc6 25. Qxc6 Rxc6 26. Nf2
Rac8 27. Nd1 Kf8 28. Kf2 Ke7 29. Ra2 Kd7 30. Ke2 Re8 31. Rcc2 e5 32. Kf2 e4
33. f4 Rf6 34. g3 g5 35. Ne3 gxf4 36. Nxd5 fxg3+ 37. Kg2 Rf5 0-1

[Event "GMA"]
[Site "Gausdal NOR"]
[Date "2005.04.19"]
[Round "7"]
[White "Tiviakov,S"]
[Black "Pedersen,Ch"]
[Result "1-0"]
[WhiteElo "2631"]
[BlackElo "2396"]
[EventDate "2005.04.13"]

1. e4 c5 2. Nf3 d6 3. d4 cxd4 4. Nxd4 Nf6 5. Nc3 a6 6. Be3 e5 7. Nb3 Be6 8.
f3 Nbd7 9. Qd2 b5 10. O-O-O Rc8 11. Kb1 Nb6 12. Qf2 Nc4 13. Bxc4 bxc4 14.
Nc1 Rb8 15. N1e2 Qa5 16. Bc1 Be7 17. Qa7 Qb6 18. Qxb6 Rxb6 19. Bg5 Nd7 20.
h4 h5 21. Nd5 Bxd5 22. Rxd5 f6 23. Be3 Rc6 24. Rhd1 Kf7 25. Nc3 Ra8 26. a3
Ke6 27. Na2 Rcc8 28. Nb4 a5 29. Na2 Ra6 30. Nc3 Rcc6 31. a4 Bd8 32. Nb5 g6
33. f4 Be7 34. g3 Kf7 35. Rf1 Kg7 36. Kc1 Nf8 37. f5 g5 38. Kd2 Nd7 39. Kc3
g4 40. Rfd1 Kf7 41. Na3 Bd8 42. Nxc4 Bb6 43. Rxd6 Bd4+ 44. R6xd4 exd4+ 45.
Bxd4 Ke7 46. b3 Ra8 47. Rd2 Nc5 48. Bxc5+ 1-0

[Event "GMA"]
[Site "Gausdal NOR"]
[Date "2005.04.19"]
[Round "7"]
[White "Lie,K"]
[Black "Kulaots,K"]
[Result "0-1"]
[WhiteElo "2495"]
[BlackElo "2572"]
[EventDate "2005.04.13"]

1. f4 b6 2. Nf3 Bb7 3. e3 g6 4. c4 c5 5. Nc3 Bg7 6. Be2 Nf6 7. O-O O-O 8.
d3 d5 9. Qe1 e6 10. Bd2 Nc6 11. cxd5 Nxd5 12. Rd1 Qe7 13. Qg3 Rad8 14. a3
Ba6 15. Qh3 Rd7 16. e4 Nxc3 17. bxc3 Bxd3 18. Ng5 Qxg5 19. Bxd3 Qd8 20. Bc1
Bxc3 21. f5 Ne5 22. Bc2 Rxd1 23. Rxd1 Bd4+ 24. Kh1 Qe7 25. Rf1 Nd7 26. Bb3
exf5 27. exf5 Qe2 28. Rd1 Ne5 29. fxg6 hxg6 30. Bh6 Ng4 31. Be3 Bxe3 32.
Bxf7+ Kg7 0-1

[Event "GMA"]
[Site "Gausdal NOR"]
[Date "2005.04.19"]
[Round "7"]
[White "Williams,Si"]
[Black "Vidoniak,R"]
[Result "1-0"]
[WhiteElo "2466"]
[BlackElo "2417"]
[EventDate "2005.04.13"]

1. d4 Nf6 2. c4 g6 3. Nc3 Bg7 4. e4 d6 5. Be2 O-O 6. Be3 Na6 7. g4 c5 8. d5
Qb6 9. g5 Nh5 10. Qd2 f5 11. gxf6 Nxf6 12. h3 e5 13. dxe6 Bxe6 14. Nf3 Kh8
15. O-O-O Rad8 16. Bh6 Qb4 17. Bxg7+ Kxg7 18. a3 Qb3 19. Qd3 Nh5 20. Nd2
Qb6 21. Bxh5 gxh5 22. Rhg1+ Kh8 23. Nd5 1-0

[Event "GMA"]
[Site "Gausdal NOR"]
[Date "2005.04.19"]
[Round "7"]
[White "Korneev,O"]
[Black "Bogner,S"]
[Result "1-0"]
[WhiteElo "2611"]
[BlackElo "2409"]
[EventDate "2005.04.13"]

1. e4 c5 2. Nf3 d6 3. d4 cxd4 4. Nxd4 Nf6 5. Nc3 a6 6. Be3 e5 7. Nb3 Be6 8.
f3 Nbd7 9. Qd2 b5 10. O-O-O Be7 11. g4 Nb6 12. Qf2 Nfd7 13. Kb1 Nc4 14. Nd5
Bxd5 15. exd5 a5 16. Bc1 Bg5 17. f4 Qf6 18. Nd4 Bxf4 19. Nxb5 Rc8 20. g5
Qe7 21. Na7 Rc5 22. Bxf4 exf4 23. Bxc4 Rxc4 24. Nc6 Qxg5 25. Qe2+ Ne5 26.
Nxe5 1-0

[Event "GMA"]
[Site "Gausdal NOR"]
[Date "2005.04.20"]
[Round "8"]
[White "Nordahl,H"]
[Black "Korneev,O"]
[Result "1-0"]
[WhiteElo "2402"]
[BlackElo "2611"]
[EventDate "2005.04.13"]

1. d4 Nf6 2. c4 e6 3. Nf3 d5 4. Bg5 dxc4 5. Nc3 a6 6. e3 b5 7. a4 c6 8.
axb5 cxb5 9. Nxb5 axb5 10. Rxa8 Bb7 11. Ra1 Bb4+ 12. Nd2 e5 13. Be2 exd4
14. O-O Bxd2 15. Qxd2 d3 16. Rfd1 Qd5 17. Bf3 Ne4 18. Bxe4 Qxe4 19. f3 Qg6
20. Ra7 Qxg5 21. Rxb7 O-O 22. e4 Qe5 23. Qb4 Na6 24. Qxb5 Nc5 25. Kh1 Rd8
26. Ra7 c3 27. Qa5 Qb8 28. bxc3 Ne6 29. Re7 g6 30. Qb4 Qf4 31. Qb6 Qf6 32.
Rb7 Kg7 33. Qa7 Qxc3 34. Rxf7+ Kg8 35. Rxh7 Rf8 36. Rd7 Nf4 37. Qd4 Qxd4
38. Rxd4 Rc8 39. g3 Nh3 40. Kg2 Ng5 41. R4xd3 Ne6 42. Rd6 Kf7 1-0

[Event "GMA"]
[Site "Gausdal NOR"]
[Date "2005.04.20"]
[Round "8"]
[White "Bogner,S"]
[Black "Williams,Si"]
[Result "0-1"]
[WhiteElo "2409"]
[BlackElo "2466"]
[EventDate "2005.04.13"]

1. e4 c5 2. Nf3 d6 3. d4 cxd4 4. Nxd4 Nf6 5. Nc3 g6 6. Be3 a6 7. f3 Bg7 8.
Qd2 Nbd7 9. Bc4 b5 10. Bb3 Bb7 11. O-O-O Nc5 12. Kb1 Rc8 13. Bh6 Bxh6 14.
Qxh6 e5 15. Qg7 Rf8 16. Nde2 Nxb3 17. axb3 b4 18. Nd5 Nxd5 19. exd5 Qc7 20.
c4 bxc3 21. Nxc3 f5 22. Qh6 Rf7 23. h4 Qb6 24. h5 g5 25. Rhe1 Qd8 26. g4
Qf6 27. Qxf6 Rxf6 28. Rd4 Rc5 29. gxf5 Bc8 30. Rc4 Bxf5+ 31. Kc1 Rxc4 32.
bxc4 Bd3 33. Ne4 Bxe4 34. fxe4 Rf2 35. Re3 a5 36. Ra3 g4 37. Re3 Kd7 38. b3
Kc7 39. h6 Kb6 40. Kd1 Kc5 41. Ke1 Rf6 42. Rg3 Rf4 43. Kd2 Rxe4 44. Rg1 a4
45. bxa4 Rxc4 46. a5 Ra4 47. Rc1+ Kxd5 48. Rc7 Rxa5 49. Rxh7 Kd4 50. Rd7
Ra2+ 51. Kd1 d5 52. Rg7 Rh2 53. Rxg4+ e4 54. Rg6 Kd3 0-1